Social media regulation and the rule of law : key trends in Sri Lanka, India and Bangladesh /

Bibliographic Details
Corporate Authors: Centre for Communication Governance at National Law University Delhi, LIRNEasia, School of Law at BRAC University
Format: Book
Language:English
Published: Malaysia : CLJ Malaysia Sdn. Bhd., 2024.
Subjects:
Classic Catalogue: View this record in Classic Catalogue
LEADER 01649nam a22003257a 4500
001 44330
003 BD-DhAAL
005 20250428151745.0
008 250422t2024 my a|||| b||| 00| 0 eng d
020 |a 9789674571931 
040 |a BD-DhAAL  |d BD-DhAAL 
082 |a 343.09/944  |2 23 
245 |a Social media regulation and the rule of law :  |b key trends in Sri Lanka, India and Bangladesh /  |c Centre for Communication Governance at National Law University Delhi, LIRNEasia, and the School of Law at BRAC University. 
260 |a Malaysia :  |b CLJ Malaysia Sdn. Bhd.,  |c 2024. 
300 |a xx, 235 pages :  |b illustrations ;  |c 24 cm 
504 |a Includes bibliographical references. 
526 |a AAL 
541 |a Donated by Professor Syed Mahfuzul Aziz (Former Pro Vice-Chancellor of BRAC University)  |e 44330 
650 |a Social media  |x Law and legislation.  |9 58074 
650 |a Social influence.  |9 58075 
650 |a Social media  |x Moral and ethical aspects.  |9 58076 
650 |a Internet  |x Law and legislation. 
650 |a Information superhighway  |x Law and legislation.  |9 39325 
650 |a Law. 
710 |a Centre for Communication Governance at National Law University Delhi  |9 58078 
710 |a LIRNEasia  |9 58079 
710 |a School of Law at BRAC University.  |9 58080 
942 |2 ddc  |c BK 
999 |c 47271  |d 47271 
952 |0 0  |1 0  |2 ddc  |4 0  |6 343_099440000000000_SOC  |7 0  |9 77604  |a BRACUL  |b BRACUL  |c GEN  |d 2025-04-22  |e Donated by Professor Syed Mahfuzul Aziz (Former Pro Vice-Chancellor of BRAC University)  |l 0  |o 343.09944 SOC  |p 3010044330  |r 2025-04-22  |t 1  |w 2025-04-22  |y BK  |x Donated by Professor Syed Mahfuzul Aziz (Former Pro Vice-Chancellor of BRAC University)